[Event "Rallarsjakken 2014 NGP"]
[Site "Rica Hotel, Narvik"]
[Date "2014.04.04"]
[Round "1"]
[White "Bue, Gunnar"]
[Black "Eriksson, Roland"]
[Result "0-1"]
[WhiteElo "1693"]
[BlackElo "2076"]

1. d4 Nf6 2. c4 e6 3. Nf3 b6 4. e3 Bb7 5. Bd3 Bb4+ 6. Nbd2 O-O 7. a3 Bxd2+
8. Bxd2 Ne4 9. O-O d6 10. Qe2 Nd7 11. Rac1 f5 12. d5 Nxd2 13. Qxd2 e5 14. e4 f4
15. b4 g5 16. h3 Qf6 17. Nh2 Qg6 18. f3 h5 19. Qe2 a5 20. Ra1 Ra7 21. Ra2 Rfa8
22. Rfa1 Nf6 23. c5 Bc8 24. cxd6 cxd6 25. Qf2 g4 26. hxg4 hxg4 27. Qxb6 g3
28. Nf1 Rh7 29. Qd8+ Ne8 30. Bb5 Bb7 31. Qb6 Qh6
0-1

[Event "Rallarsjakken 2014 NGP"]
[Site "Rica Hotel, Narvik"]
[Date "2014.04.04"]
[Round "1"]
[White "Engegård, Ødøn Toth"]
[Black "Kristensen, Kjell Ole"]
[Result "0-1"]
[WhiteElo "1822"]
[BlackElo "2123"]

1. e4 c5 2. Nf3 e6 3. d4 cxd4 4. Nxd4 Bc5 5. Nb3 Bb6 6. Bd3 Ne7 7. O-O O-O
8. c4 Nbc6 9. Nc3 f5 10. c5 Bc7 11. f4 b6 12. Kh1 bxc5 13. Nxc5 d6 14. Nb3 fxe4
15. Nxe4 Nf5 16. Bd2 Rb8 17. Rc1 Nce7 18. Qe2 Nd5 19. Ng5 Qf6 20. Bc4 Bb6
21. Qh5 h6 22. Rf3 g6 23. Qh3 hxg5 24. fxg5 Qg7 25. g4 Nfe7 26. Rxf8+ Qxf8
27. Rf1 Qg7 28. Rf3 Bb7 29. Bc3 e5 30. Rf6 Rc8 31. Qd3 Rxc4 32. Qxc4 Kh8 33. Qe4
Nf5
0-1

[Event "Rallarsjakken 2014 NGP"]
[Site "Rica Hotel, Narvik"]
[Date "2014.04.04"]
[Round "1"]
[White "Flermoen, Peter"]
[Black "Rafnung, Skjalg"]
[Result "1-0"]
[WhiteElo "2232"]
[BlackElo "1861"]

1. e4 d5 2. exd5 Nf6 3. c4 e6 4. dxe6 Nc6 5. Nf3 Bc5 6. exf7+ Kxf7 7. Be2 Re8
8. O-O Nd4 9. Nxd4 Qxd4 10. d3 Ng4 11. Be3 Qe5 12. Bxg4 Bxe3 13. fxe3+ Kg8
14. Bxc8 Qxe3+ 15. Kh1 Raxc8 16. Nc3 Rcd8 17. Re1 Qxe1+ 18. Qxe1 Rxe1+ 19. Rxe1
Rxd3 20. h3 {Oppgitt}
1-0

[Event "Rallarsjakken 2014 NGP"]
[Site "Rica Hotel, Narvik"]
[Date "2014.04.04"]
[Round "1"]
[White "Schjelderup, Nils J."]
[Black "Jensen, Stein"]
[Result "1-0"]
[WhiteElo "1871"]
[BlackElo "2061"]

1. e4 d6 2. d4 Nf6 3. Nc3 g6 4. f4 c5 5. d5 Bg7 6. Nf3 O-O 7. Be2 Na6 8. O-O
Nc7 9. a4 b6 10. Re1 Bb7 11. Bc4 a6 12. Qd3 e6 13. dxe6 fxe6 14. Ng5 d5 15. Ba2
h6 16. Nxe6 Nxe6 17. exd5 Ng4 18. Rxe6 Bd4+ 19. Kf1 Qh4 20. Ne4 Nxh2+ 21. Ke2
Qh5+ 22. Kd2 Rxf4 23. c3 Bg7 24. Kc2 Rg4 25. Nd6 Bc8 26. Re8+ Kh7 27. Rxc8 Rxg2+
28. Kb1 Rxc8 29. Nxc8 Nf3 30. d6 Ne1 31. Qd5 Qe2 32. Qg8#
1-0

[Event "Rallarsjakken 2014 NGP"]
[Site "Rica Hotel, Narvik"]
[Date "2014.04.04"]
[Round "1"]
[White "Røyset, Jon Kr."]
[Black "Selnes, Odd Ketil"]
[Result "1-0"]
[WhiteElo "2180"]
[BlackElo "1796"]

1. e4 d6 2. d4 g6 3. Nc3 Bg7 4. Be3 Nf6 5. h3 O-O 6. Nf3 c6 7. Qd2 Re8 8. a4 a5
9. Be2 Na6 10. Rd1 Nc7 11. Bh6 Bh8 12. Qe3 Bd7 13. O-O Qc8 14. Nd2 b5 15. Bd3
Na6 16. axb5 Nb4 17. bxc6 Bxc6 18. Rc1 Nxd3 19. Qxd3 Qb7 20. Rfe1 a4 21. Ra1 Ra6
22. Ra2 Rea8 23. f3 a3 24. b3 e6 25. Rea1 Nd7 26. Be3 Bg7 27. Ncb1 Bf8 28. c4 f5
29. exf5 gxf5 30. Qc3 Nb6 31. Rxa3 Rxa3 32. Rxa3 Bg7 33. Rxa8+ Nxa8 34. Qa5 Nc7
35. b4 e5 36. dxe5 dxe5 37. b5 Bd7 38. f4 Bf6 39. Qb6 Qxb6 40. Bxb6 Ne6 41. g3
Kf7 42. Nb3 Bc8 43. Kf2 Bb7 44. Ke3 Bg2 45. h4 Kg6 46. N1d2 Kh5 47. Kf2 Bb7
48. Nf1 Be4 49. Ne3 Bd3 50. Ba5 Nc5 51. Nxc5
1-0

[Event "Rallarsjakken 2014 NGP"]
[Site "Rica Hotel, Narvik"]
[Date "2014.04.04"]
[Round "1"]
[White "Grundekjøn, Christian"]
[Black "Hansen, Ola"]
[Result "1-0"]
[WhiteElo "2023"]
[BlackElo "1698"]
[Annotator "Bredeli,Håvard"]
[PlyCount "55"]
[EventDate "2014.??.??"]

1. e4 {[%emt 0:00:00]} 1... e5 {[%emt 0:00:00]} 2. f4 {[%emt 0:00:02]} 2... d6
3. Nf3 Bg4 4. Bc4 Bxf3 5. Qxf3 exf4 6. O-O c6 7. Nc3 Nd7 8. Qxf4 f6 9. Qf5 Qe7
10. Bxg8 Rxg8 11. Qxh7 Qf7 12. d3 O-O-O 13. Be3 Kb8 14. a4 Be7 15. Qf5 Ne5
16. b4 Rh8 17. b5 g6 18. Qf4 g5 19. Qg3 Qh5 20. bxc6 bxc6 21. Rf5 c5 22. Rb1+
Kc8 23. Nd5 Rd7 24. Nxe7+ Rxe7 25. Rxf6 Ng4 26. Qxd6 Qxh2+ 27. Qxh2 Rxh2
28. Bxg5
1-0

[Event "Rallarsjakken 2014 NGP"]
[Site "Rica Hotel, Narvik"]
[Date "2014.04.04"]
[Round "1"]
[White "Torgersen, Markus"]
[Black "Jensen, Paul Johan"]
[Result "0-1"]
[WhiteElo "1741"]
[BlackElo "1923"]

1. e4 d5 2. exd5 Qxd5 3. Nf3 Bg4 4. Be2 Nf6 5. c4 Qd8 6. d4 e6 7. Bg5 Be7
8. Nc3 h6 9. Bh4 O-O 10. Qb3 Nbd7 11. Rd1 Qc8 12. O-O c6 13. Ne5 Bxe2 14. Nxe2
Rd8 15. f4 Qc7 16. f5 Nxe5 17. Bg3 Nfd7 18. fxe6 fxe6 19. dxe5 Nc5 20. Qc2 Rxd1
21. Rxd1 Rd8 22. Nd4 Qd7 23. Kf1 Qe8 24. b4 Na6 25. b5 Nc7 26. Qe2 Bc5 27. Nb3
Qf8+ 28. Ke1 Bb4+ 29. Nd2 cxb5 30. cxb5 Nd5 31. Qc4 Kh8 32. Rb1 Ne3 33. Qc1 Qf1#
0-1

[Event "Rallarsjakken 2014 NGP"]
[Site "Rica Hotel, Narvik"]
[Date "2014.04.04"]
[Round "1"]
[White "Willumsen, Kaj Roger"]
[Black "Larsen, Andreas"]
[Result "0-1"]
[WhiteElo "1739"]
[BlackElo "2004"]

1. e4 d5 2. exd5 Nf6 3. d4 Qxd5 4. c4 Qd8 5. Nf3 g6 6. Nc3 Bg7 7. Be2 O-O
8. O-O Nbd7 9. Bf4 Nh5 10. Bg5 h6 11. Be3 Nb6 12. Ne5 Nf6 13. Qd2 Kh7 14. Bd3
Ng4 15. Nxg4 Bxg4 16. f3 e5 17. dxe5 Be6 18. c5 Nd5 19. Nxd5 Qxd5 20. Be4 Qxe5
21. Bxb7 Rad8 22. Qf2 Rd3 23. Rfe1 Rxe3 24. Rxe3 Qxc5 25. Rd1 Rb8 26. Rxe6 Qxf2+
27. Kxf2 fxe6 28. Bc6 Rxb2+ 29. Kg3 Rxa2 30. Rd7 Kg8 31. Rd8+ Kh7 32. Rd7 Rc2
33. Rxc7 a5 34. Rc8 Bd4 35. Bd7 Rxc8 36. Bxc8 e5 37. f4 a4 38. fxe5 Bxe5+
39. Kf2 a3 40. Be6 Bxh2 41. g3 Kg7 42. g4 Kf6 43. Bb3 Ke5 44. Ke3 Bf4+ 45. Kf3
Bc1 46. Ba2 Kd4 47. Bg8 Kc3 48. Ke4 g5 49. Kf5 Kb2 50. Kg6 a2 51. Bxa2 Kxa2
52. Kxh6 Kb3 53. Kg6 Kc3
0-1

[Event "Rallarsjakken 2014 NGP"]
[Site "Rica Hotel, Narvik"]
[Date "2014.04.04"]
[Round "1"]
[White "Pettersen, Magnor"]
[Black "Larsen, Martin Halsvik"]
[Result "1/2-1/2"]
[WhiteElo "1706"]
[BlackElo "2059"]

1. d4 f5 2. g3 Nf6 3. Bg2 e6 4. Nf3 Be7 5. O-O O-O 6. c4 d6 7. Nc3 c6 8. Re1
Qc7 9. e4 fxe4 10. Nxe4 Nxe4 11. Rxe4 d5 12. cxd5 exd5 13. Re1 Bg4 14. Qd3 Bxf3
15. Bxf3 Bd6 16. Bd2 Nd7 17. Re6 Rf7 18. Bh5 Rf6 19. Rae1 Raf8 20. Rxf6 Nxf6
21. Bf3 Qd7 22. Bg5 Ng4 23. Qe2 Nf6 24. Qe6+ Qf7 25. Bxf6 Qxe6 26. Rxe6 Rxf6
27. Rxf6 gxf6 28. Bg4 Kf7 29. Bc8 Ke7 30. Bxb7 Kd7 31. Kg2 Kc7 32. Ba6 c5
33. dxc5 Bxc5 34. Bd3 h6 35. f4 Kc6 36. Kf3 a5 37. g4 Bd4 38. b3 Kc5 39. h4 Kb4
40. a4 Kxb3 41. Bb5 Kc3 42. Ke2 Bc5 43. g5 hxg5 44. hxg5 fxg5
1/2-1/2

[Event "Rallarsjakken 2014 NGP"]
[Site "Rica Hotel, Narvik"]
[Date "2014.04.04"]
[Round "1"]
[White "Rølvåg, Birk Anders"]
[Black "Kaasen, Tor Fredrik"]
[Result "1/2-1/2"]
[WhiteElo "2013"]
[BlackElo "1527"]

1. e4 e5 2. Bc4 Nf6 3. d3 Bc5 4. Nf3 d6 5. Bb3 O-O 6. c3 Bg4 7. Nbd2 Nc6 8. O-O
d5 9. Qe2 d4 10. Rd1 b5 11. h3 Bh5 12. Nf1 dxc3 13. bxc3 b4 14. Be3 Bxe3
15. fxe3 bxc3 16. Rac1 Bxf3 17. Qxf3 Na5 18. Rxc3 Nxb3 19. axb3 Qe7 20. Rdc1
Rac8 21. Ng3 g6 22. Rc6 Kg7 23. h4 Rfd8 24. h5 Rd6 25. Rxd6 Qxd6 26. Rf1 h6
27. Rd1 Rb8 28. d4 Rxb3 29. hxg6 fxg6 30. d5 a5 31. Rc1 Rb6 32. Ne2 c6 33. Nc3
Qa3 34. Rf1 Qe7 35. dxc6 Rxc6 36. Nd5 Nxd5 37. exd5 Rf6 38. Qe2 Rxf1+ 39. Qxf1
Qc5 40. Qd3 a4 41. d6 Qc8
1/2-1/2

[Event "Rallarsjakken 2014 NGP"]
[Site "Rica Hotel, Narvik"]
[Date "2014.04.04"]
[Round "1"]
[White "Machlik, Endre"]
[Black "Rølvåg, Mikael"]
[Result "1/2-1/2"]
[WhiteElo "1790"]
[BlackElo "2163"]
[PlyCount "42"]
[EventDate "2014.??.??"]

1. d4 Nf6 2. c4 e6 3. Nc3 Bb4 4. Qd2 Nc6 5. Nf3 d6 6. a3 Bxc3 7. Qxc3 Qe7 8. e3
a5 9. b3 O-O 10. Bd3 e5 11. dxe5 dxe5 12. Bc2 Bg4 13. Bb2 Rfe8 14. Nd2 Bh5
15. Ne4 Bg6 16. Nxf6+ Qxf6 17. O-O Bxc2 18. Qxc2 Qg6 19. Qxg6 hxg6 20. Rfd1 Rad8
21. Kf1 f6 {Remis inngått}
1/2-1/2

[Event "Rallarsjakken 2014 NGP"]
[Site "Rica Hotel, Narvik"]
[Date "2014.04.04"]
[Round "1"]
[White "Hanssen, Gunnar Berg"]
[Black "Hanssen, Johnny"]
[Result "1-0"]
[WhiteElo "2208"]
[BlackElo "1880"]

1. Nf3 c5 2. c4 Nf6 3. Nc3 Nc6 4. g3 g6 5. d4 cxd4 6. Nxd4 Bg7 7. Bg2 Nxd4
8. Qxd4 O-O 9. O-O d6 10. Qd3 Bf5 11. e4 Be6 12. Bd2 Rc8 13. b3 Nd7 14. Rac1 Nc5
15. Qe2 Bd7 16. Rfd1 a5 17. Be3 b6 18. Nd5 Bc6 19. h4 Bxd5 20. Rxd5 Qc7 21. h5
Nd7 22. hxg6 hxg6 23. Rcd1 Nf6 24. Rb5 Rb8 25. f4 Nd7 26. Qg4 Nc5 27. f5 Qd7
28. Bf3 e6 29. Kg2 exf5 30. exf5 gxf5 31. Qh4 Qe6 32. Bf4 Bf6 33. Qh5 Be7
34. Rh1
1-0

[Event "Rallarsjakken 2014 NGP"]
[Site "Rica Hotel, Narvik"]
[Date "2014.04.04"]
[Round "1"]
[White "Røyset, Pål"]
[Black "Hegelund, Ole Jakob"]
[Result "1-0"]
[WhiteElo "2192"]
[BlackElo "1774"]

1. e4 c5 2. Nc3 e6 3. Nf3 Nc6 4. Bb5 Qc7 5. O-O Nf6 6. Re1 d6 7. d4 cxd4 8. Nd5
Qd8 9. Bg5 e5 10. Nxd4 Bd7 11. Nf5 h6 12. Bxf6 gxf6 13. Qh5 Rg8 14. Nxh6 Rg6
15. Nf5 Rg5 16. Nxd6+ Bxd6 17. Qh8+ Bf8 18. Nxf6+ Ke7 19. Nd5+ Kd6 20. Rad1 Bg7
21. Ne3+ Kc7 22. Rxd7+ Qxd7 23. Qxa8 Qh3 24. Rd1 Nd4 25. Nd5+ Kd6 26. Qd8+ Kc5
27. b4+ Kxb5 28. Qa5+ Kc6 29. Qc7+ Kb5 30. a4+ Kxa4 31. Qa5#
1-0

[Event "Rallarsjakken 2014 NGP"]
[Site "Rica Hotel, Narvik"]
[Date "2014.04.04"]
[Round "1"]
[White "Skagseth, Håvard M"]
[Black "Keadana, Amir"]
[Result "1/2-1/2"]
[WhiteElo "1922"]
[BlackElo "1636"]

1. e4 e6 2. d4 d5 3. Nc3 dxe4 4. Nxe4 Bd7 5. Nf3 Bc6 6. Bd3 Nd7 7. O-O Ngf6
8. Nxf6+ Nxf6 9. Re1 Bxf3 10. Qxf3 Qd5 11. Qxd5 Nxd5 12. a3 O-O-O 13. Bg5 Be7
14. Bxe7 Nxe7 15. Re4 Nf5 16. c3 c5 17. Re5 cxd4 18. Bxf5 exf5 19. Rxf5 dxc3
20. Rc5+ Kb8 21. Rxc3 Rd2 22. b4 Rhd8 23. g3 a6 24. Kg2 Rd1 25. Rxd1 Rxd1 26. h4
Rd7 27. g4 f6 28. g5 f5 29. Kg3 Rd4 30. f3 g6 31. f4 Re4 32. h5 Re6 33. hxg6
hxg6 34. Kf3 Ka7 35. Rc8 b5 36. Rf8 Kb7 37. Rf6 Rc6 38. Ke3 Kc7 39. Rxc6+ Kxc6
40. Kd4 Kd6 41. Kc3 Kd5 42. Kd3 Kc6 43. Ke3 Kd5 44. Kd3 Kc6 45. Kd4 Kd6 46. Kc3
1/2-1/2

[Event "Rallarsjakken 2014 NGP"]
[Site "Rica Hotel, Narvik"]
[Date "2014.04.04"]
[Round "1"]
[White "Remman, Frank"]
[Black "Romsdal, Trond"]
[Result "0-1"]
[WhiteElo "1922"]
[BlackElo "2184"]

1. d4 d5 2. c4 e6 3. Nc3 Be7 4. Nf3 Nf6 5. g4 dxc4 6. Rg1 c5 7. e3 Nc6 8. Bxc4
cxd4 9. exd4 O-O 10. Bf4 Qb6 11. Qd2 Rd8 12. Rd1 Bb4 13. Qd3 Nd5 14. Bg5 Rd7
15. Bb3 g6 16. Kf1 Nxc3 17. bxc3 Bf8 18. Bf6 Bg7 19. g5 Bxf6 20. gxf6 Qd8
21. Bxe6 fxe6 22. Ng5 Qxf6 23. Nxh7 Kxh7 24. Re1 Rd5 25. Re3 e5 26. Qe4 Be6
27. Reg3 Ne7 28. Rf3 Nf5 29. c4 Rxd4 30. Qxb7+ Rd7 31. Qxa8 Rd1+ 32. Ke2 Rxg1
33. Rh3+ Nh4 34. Qxa7+ Kh6 35. Qe3+ Kh5 36. Qe4 $4 Bxh3 {Oppgitt}
0-1

[Event "Rallarsjakken 2014 NGP"]
[Site "Rica Hotel, Narvik"]
[Date "2014.04.04"]
[Round "2"]
[White "Romsdal, Trond"]
[Black "Grundekjøn, Christian"]
[Result "1-0"]
[WhiteElo "2184"]
[BlackElo "2023"]

1. Nf3 f5 2. d4 Nf6 3. g3 g6 4. Bg2 Bg7 5. O-O O-O 6. c4 d6 7. Nc3 c6 8. d5 e5
9. dxe6 Bxe6 10. Qd3 Na6 11. Ng5 Re8 12. Nxe6 Rxe6 13. Rd1 Nc5 14. Qc2 Qe7
15. e3 Rd8 16. Ne2 Qc7 17. Bd2 Nce4 18. Be1 Ng4 19. Nd4 Re7 20. h3 Ngf6 21. Ne2
Qb6 22. Nc3 a6 23. Rab1 Qc7 24. b4 b5 25. cxb5 axb5 26. Rbc1 Rc8 27. Qb3+ Kh8
28. Nxb5 Qb8 29. Nd4 Qb7 30. Ne6 Bh6 31. Rc2 Rce8 32. Nd4 c5 33. Ne2 cxb4
34. Rxd6 Qa7 35. Rdc6 Bg7 36. Bxb4 Rd7 37. Nd4 Nd5 38. Rc8 Red8 39. Rxd8+ Rxd8
40. Nc6 Nxb4 41. Nxd8 Nxc2 42. Nf7+ Kg8 43. Nh6+
1-0

[Event "Rallarsjakken 2014 NGP"]
[Site "Rica Hotel, Narvik"]
[Date "2014.04.04"]
[Round "2"]
[White "Eriksson, Roland"]
[Black "Flermoen, Peter"]
[Result "1-0"]
[WhiteElo "2076"]
[BlackElo "2232"]

1. d4 Nf6 2. c4 g6 3. Nc3 d5 4. cxd5 Nxd5 5. e4 Nxc3 6. bxc3 Bg7 7. Qa4+ Bd7
8. Qa3 O-O 9. Nf3 Bg4 10. Be2 Nd7 11. Bg5 Re8 12. O-O c5 13. Rad1 Qc7 14. h3
Bxf3 15. Bxf3 Rac8 16. d5 Be5 17. Bg4 Bd6 18. f4 c4 19. Qc1 f6 20. Be6+ Kg7
21. Bh4 Nc5 22. e5 Nxe6 23. exd6 Qb6+ 24. Bf2 Nc5 $4 25. d7 {Oppgitt}
1-0

[Event "Rallarsjakken 2014 NGP"]
[Site "Rica Hotel, Narvik"]
[Date "2014.04.04"]
[Round "2"]
[White "Jensen, Paul Johan"]
[Black "Røyset, Jon Kr."]
[Result "0-1"]
[WhiteElo "1923"]
[BlackElo "2180"]

1. c4 e5 2. Nc3 Nf6 3. g3 h6 4. Bg2 Bb4 5. Nd5 Nxd5 6. cxd5 O-O 7. Nf3 d6
8. O-O c5 9. dxc6 Nxc6 10. d4 Ba5 11. dxe5 dxe5 12. a3 Bb6 13. b4 e4 14. Nd2 e3
15. fxe3 Bxe3+ 16. Kh1 a5 17. Nb3 Qb6 18. Bxe3 Qxe3 19. Rf3 Qe5 20. Nxa5 Nxa5
21. bxa5 Rxa5 22. Rb1 Be6 23. Qd2 Rb5 24. Rxb5 Qxb5 25. Qb4 Qxe2 26. Qxb7 Rd8
27. Bf1 Rd1 28. Qb8+ Kh7 29. Qf4 Rxf1+ 30. Rxf1 Bd5+ 31. Kg1 Qg2#
0-1

[Event "Rallarsjakken 2014 NGP"]
[Site "Rica Hotel, Narvik"]
[Date "2014.04.04"]
[Round "2"]
[White "Larsen, Andreas"]
[Black "Schjelderup, Nils J."]
[Result "1-0"]
[WhiteElo "2004"]
[BlackElo "1871"]

1. e4 c5 2. Nf3 d6 3. d4 cxd4 4. Qxd4 Nf6 5. e5 Qa5+ 6. Bd2 dxe5 7. Qc4 Qd8
8. Nxe5 e6 9. Nc3 a6 10. O-O-O Nbd7 11. Ng4 Be7 12. Bd3 O-O 13. Rhe1 b5
14. Nxf6+ Nxf6 15. Qh4 Bd7 16. Bg5 h6 17. Bxh6 Nd5 18. Qg3 Bf6 19. Ne4 Bd4
20. c3 Rc8 21. Kb1 Nxc3+ 22. bxc3 Bf6 23. Bc2
1-0

[Event "Rallarsjakken 2014 NGP"]
[Site "Rica Hotel, Narvik"]
[Date "2014.04.04"]
[Round "2"]
[White "Kristensen, Kjell Ole"]
[Black "Røyset, Pål"]
[Result "0-1"]
[WhiteElo "2123"]
[BlackElo "2192"]

1. e4 c5 2. Nf3 d6 3. d4 cxd4 4. Nxd4 Nf6 5. Nc3 a6 6. h3 e5 7. Nb3 Be6 8. Bg5
Be7 9. Qd2 Nbd7 10. g3 Rc8 11. Bg2 Nb6 12. O-O Nc4 13. Qc1 h6 14. Bxf6 Bxf6
15. Kh2 Qb6 16. Rb1 O-O 17. Qe1 Rfe8 18. Nc1 Qd4 19. Nb3 Qa7 20. Nc1 Bd8 21. Nd3
Ba5 22. b4 Bb6 23. Rc1 Na3 24. Qd2 a5 25. Nd5 Bxd5 26. exd5 e4 27. bxa5 Bxa5
28. Nb4 e3 29. fxe3 Qxe3 30. Qxe3 Rxe3 31. Nd3 Rxc2 32. Rxc2 Nxc2 33. Rf3 Re2
34. Rf2 Nd4 35. Bf1 Rxf2+ 36. Nxf2 Nf3+ 37. Kh1 Kf8 38. Be2 Nd4 39. Bd3 Nf3
40. Be2 Ne5 41. Kg2 Ke7 42. g4 Ng6 43. Kf3 Nh4+ 44. Ke4 g6 45. Nd3 Bc3 46. a4
f5+ 47. gxf5 gxf5+ 48. Ke3 Be5 49. Bh5 Kf6 50. Be2 Ng6 51. Nb4 Ne7 52. Bf3 Nc8
53. Kd3 Nb6 54. a5 Na4 55. Kc4 Nc5 56. Kb5 Bc3 57. Nc2 Ke5 58. Na3 Kf4 59. Bh1
Nd7 60. Nc4 Be5 61. Bg2 Kg3 62. Bf1 f4 63. Kb4 Bd4 64. Nd2 Bc5+ 65. Kc4 Nf6
66. Bd3 f3 67. Nb3 Be3 68. Nd4 Bxd4 69. Kxd4 Kf2 70. Bc4 Ke1 71. Bd3 f2 72. a6
bxa6 73. Bxa6 f1=Q {OPPGITT}
0-1

[Event "Rallarsjakken 2014 NGP"]
[Site "Rica Hotel, Narvik"]
[Date "2014.04.04"]
[Round "2"]
[White "Rølvåg, Mikael"]
[Black "Hanssen, Gunnar Berg"]
[Result "1-0"]
[WhiteElo "2163"]
[BlackElo "2208"]

1. d4 d5 2. Nf3 Nf6 3. c4 c6 4. e3 e6 5. Bd3 Nbd7 6. Nbd2 Bd6 7. O-O O-O 8. e4
dxe4 9. Nxe4 Nxe4 10. Bxe4 e5 11. dxe5 Nxe5 12. Nxe5 Bxe5 13. Bxh7+ Kxh7
14. Qh5+ Kg8 15. Qxe5 Re8 16. Qf4 Re6 17. Be3 Rf6 18. Qh4 Qa5 19. Rfd1 Be6
20. Rd4 b5 21. Rad1 bxc4 22. Bg5
1-0

[Event "Rallarsjakken 2014 NGP"]
[Site "Rica Hotel, Narvik"]
[Date "2014.04.04"]
[Round "2"]
[White "Kaasen, Tor Fredrik"]
[Black "Machlik, Endre"]
[Result "0-1"]
[WhiteElo "1527"]
[BlackElo "1790"]

1. e4 c5 2. Nf3 Nc6 3. d4 cxd4 4. Nxd4 d6 5. Nc3 g6 6. Be3 Bg7 7. Qd2 Nf6 8. f3
O-O 9. O-O-O Bd7 10. g4 Rc8 11. h4 h5 12. gxh5 Nxh5 13. Rg1 Ne5 14. f4 Ng4
15. f5 Nxe3 16. Qxe3 Kh7 17. fxg6+ fxg6 18. Kb1 Bh6 19. Qe1 Qb6 20. Nd5 Qd8
21. Be2 Nf4 22. Nxf4 Bxf4 23. h5 g5 24. e5 Bxe5 25. Bd3+ Kh8 26. Qe4 Rf7 27. Qg6
Qf8 28. Rgf1 Bf6 29. Nf3 Qg7 30. Nxg5 Qxg6 31. hxg6 Rg7 32. Rh1+ Kg8 33. Nf7 Kf8
34. Be4 Bc6 35. Rh8+ Rg8 36. Rxg8+ Kxg8 37. Nh6+ Kf8 38. Bf5 Rc7 39. Ng4 Kg7
40. Rd2 Bd7 41. Bxd7 Rxd7 42. Rg2 e5 43. Ne3 d5 44. Nf5+ Kg8 45. Nh6+ Kg7
46. Nf5+ Kg8 47. Nh6+ Kf8 48. Rf2 Kg7 49. Ng4 Rd6 50. Rg2 d4 51. Nf2 Be7 52. Nd3
e4 53. Nf4 Kg8 54. Re2 e3 55. Kc1 Rf6 56. Ng2 Rf1+ 57. Re1 Rf2 58. Nxe3 dxe3
59. Rxe3 Bg5
0-1

[Event "Rallarsjakken 2014 NGP"]
[Site "Rica Hotel, Narvik"]
[Date "2014.04.04"]
[Round "2"]
[White "Jakobsen, Øivind"]
[Black "Rølvåg, Birk Anders"]
[Result "0-1"]
[WhiteElo "1680"]
[BlackElo "2013"]

1. e4 c5 2. Nf3 Nc6 3. d4 cxd4 4. Nxd4 g6 5. Bb5 Bg7 6. Bxc6 bxc6 7. O-O Nf6
8. Nc3 O-O 9. h3 Bb7 10. Re1 d6 11. Nb3 Nd7 12. Bg5 h6 13. Be3 Ne5 14. Qc1 Kh7
15. Nd2 Ba6 16. Ne2 Qc7 17. Rb1 Rab8 18. Nd4 Rb4 19. a3 Rb7 20. N2f3 Rfb8
21. Nxe5 Bxe5 22. Nb3 Bg7 23. Bd4 c5 24. Bxg7 Kxg7 25. Qe3 f6 26. Qc3 Bb5 27. f4
e5 28. fxe5 fxe5 29. Na5 Rb6 30. b4 Rc8 31. bxc5 Qxc5+ 32. Qxc5 Rxc5 33. c4 Ba6
34. Rxb6 axb6 35. Nb3 Rxc4 36. Nd2 Rc2 37. Nf1 Ra2 38. Rd1 Rxa3 39. Kf2 Bd3
40. Nd2 Kf7 41. Rc1 b5 42. Rc7+ Kf6 43. h4 Ra2 44. Ke3 Bc4 45. Rc8 Ra3+ 46. Kf2
Be6 47. Rb8 Ra2 48. Ke3 Bc4 49. Rc8 Ra3+ 50. Kf2 Rd3 51. Nxc4 bxc4 52. Rxc4 Rd4
53. Rc6 Rxe4 54. Rxd6+ Kf5 55. Kf3 Rxh4 56. Rd8 Rf4+ 57. Ke3 h5 58. Rd6 g5
59. Rd5 Ra4 60. Rd8 Ra3+ 61. Kf2 h4 62. Rf8+ Ke4 63. Rg8 Ra2+ 64. Kg1 Kf4
65. Rb8 e4 66. Rb6 e3 67. Kh2 e2 68. Rb4+ Ke3 {oppgitt}
0-1

[Event "Rallarsjakken 2014 NGP"]
[Site "Rica Hotel, Narvik"]
[Date "2014.04.04"]
[Round "2"]
[White "Keadana, Amir"]
[Black "Mikalsen, Odd Erling"]
[Result "0-1"]
[WhiteElo "1636"]
[BlackElo "1974"]

1. e4 e5 2. Nf3 Nc6 3. Bc4 Be7 4. d4 exd4 5. Nxd4 Nf6 6. Nc3 O-O 7. O-O a6
8. Re1 Nxd4 9. Qxd4 b5 10. Bf1 d6 11. Nd5 Nxd5 12. Qxd5 Be6 13. Qh5 Bf6 14. Bf4
Bxb2 15. Rad1 Qd7 16. Rd3 g6 17. Qh4 Bg7 18. e5 Bf5 19. Bh6 Bxh6 20. Qxh6 Bxd3
21. Bxd3 dxe5 22. Rd1 Rad8 23. f3 Qd4+ 24. Kh1 e4 25. fxe4 c5 26. Rf1 c4 27. Be2
Qd2 28. Bh5 $4 Qxh6 {oppgitt}
0-1

[Event "Rallarsjakken 2014 NGP"]
[Site "Rica Hotel, Narvik"]
[Date "2014.04.04"]
[Round "2"]
[White "Larsen, Martin Halsvik"]
[Black "Skagseth, Håvard M"]
[Result "0-1"]
[WhiteElo "2059"]
[BlackElo "1922"]

1. e4 c5 2. Nf3 d6 3. Bc4 Nf6 4. Nc3 e6 5. e5 dxe5 6. Nxe5 Bd6 7. Ng4 a6 8. d3
b5 9. Nxf6+ Qxf6 10. Ne4 Qe7 11. Qg4 Be5 12. Qh5 Nd7 13. Bb3 Bb7 14. Bg5 Nf6
15. Bxf6 gxf6 16. c3 Rd8 17. Bc2 Bxe4 18. dxe4 O-O 19. O-O Kh8 20. f4 Bc7
21. Rf3 Rg8 22. Qh4 Rd2 23. Rf2 Qd8 24. Raf1 c4 25. Rxd2 Qxd2 26. Qf2 Bb6
{oppgitt}
0-1

[Event "Rallarsjakken 2014 NGP"]
[Site "Rica Hotel, Narvik"]
[Date "2014.04.04"]
[Round "2"]
[White "Hansen, Ola"]
[Black "Pettersen, Magnor"]
[Result "0-1"]
[WhiteElo "1698"]
[BlackElo "1706"]

1. e4 c5 2. Nf3 d6 3. g3 Nc6 4. Bg2 Nf6 5. d3 Rb8 6. O-O e6 7. c3 Be7 8. Re1
Qc7 9. Nbd2 b5 10. Nf1 O-O 11. h4 a5 12. N1h2 b4 13. Ng5 h6 14. Nh3 bxc3
15. bxc3 e5 16. f4 Rd8 17. f5 d5 18. Qf3 dxe4 19. dxe4 Ba6 20. Ng4 Rd3 21. Nxf6+
Bxf6 22. Qg4 Rxc3 23. Bxh6 Rc2 24. Bxg7 Bxg7 25. f6 Kf8 26. Qxg7+ Ke8 27. Ng5
Rbb2 28. Bh3 Qd6 29. Qg8+ Qf8 30. Bd7+ Kxd7
0-1

[Event "Rallarsjakken 2014 NGP"]
[Site "Rica Hotel, Narvik"]
[Date "2014.04.04"]
[Round "2"]
[White "Rafnung, Skjalg"]
[Black "Remman, Frank"]
[Result "1-0"]
[WhiteElo "1861"]
[BlackElo "1922"]

1. e4 c5 2. Nc3 Nc6 3. f4 g6 4. Nf3 Bg7 5. Bc4 e6 6. d3 Nge7 7. e5 Nf5 8. Ne4
d5 9. exd6 Nxd6 10. Nxd6+ Qxd6 11. c3 O-O 12. O-O Rd8 13. Qe2 Na5 14. Be3 Bd7
15. Rad1 Rac8 16. Ng5 a6 17. f5 gxf5 18. Qh5 Be8 19. Qxh7+ Kf8 20. Qh4 Rd7
21. Nh7+ Kg8 22. Bg5 Rdc7 23. Nf6+ Kf8 24. Nh5 f6 25. Nxg7 Rxg7 26. Bh6 e5
27. Rxf5 Rc6 28. Rdf1
1-0

[Event "Rallarsjakken 2014 NGP"]
[Site "Rica Hotel, Narvik"]
[Date "2014.04.04"]
[Round "2"]
[White "Selnes, Odd Ketil"]
[Black "Bue, Gunnar"]
[Result "0-1"]
[WhiteElo "1796"]
[BlackElo "1693"]

1. Nf3 c5 2. c4 Nc6 3. Nc3 g6 4. d3 Bg7 5. g3 e5 6. Bg2 Nge7 7. O-O O-O 8. Nd2
f5 9. Nb3 d6 10. e3 Be6 11. f4 Rb8 12. Qe2 a6 13. a4 Nb4 14. fxe5 dxe5 15. Nxc5
Bf7 16. Rd1 Qc7 17. Nb3 b5 18. axb5 axb5 19. Nxb5 Rxb5 20. cxb5 Bxb3 21. Rf1 Bc2
22. Ra3 Qb6 23. Bd2 Nbd5 24. Rc1 Rc8 25. Kh1 Qxb5 26. Ra5 Qb3 27. Qf3 Rd8 28. e4
Nb6 29. exf5 gxf5 30. Qb7 Qxd3 31. Bg5
0-1